000 00892nam a22002415b 4500
001 bimo0000350315
003 OSt
005 20140613213001.0
008 930915s1993 esp spa
020 _a84-277-1023-2
040 _aSpMaBN
_bspa
_cBMC
_erdc
082 _a612.3370
082 _a607.07
100 1 _aOlivares Jiménez, Engracia
_919833
245 1 3 _aLa alimentación, actividad del ser humano
_b: salud, consumo y solidaridad
_cEngracia Olivares Jiménez
260 _aMadrid
_bCentro de Publicaciones del MEC : Narcea
_c1993
300 _a1 folder (3 cuadernillos)
_bil.
_c30 cm
490 _aMateriales 12-16 para educación secundaria
505 0 _aContiene: Vol. 1: Guía del profesor - Vol. 2: Guías de trabajo - Vol. 3: Documentos informativos
650 2 4 _aEducación sanitaria
_918849
_xDidáctica
650 2 4 _920487
_aNutrición
_xEnseñanza
942 _2ddc
_cBK
999 _c10887
_d10887